00484nam a2200157Ia 450000500170000000800410001708200130005810000190007124500230009026000560011330000190016965000180018894200060020695200990021299900150031120250319040924.0240331s9999 xx 000 0 und d bNASa894 aNaseerudeen, S 0aKavasang kalaithal aWellampitiyabMoonravathuManithan Publicationc2007 axiii, 121 p ., aShort Stories cL 001040708LaWERCLbWERCLcSSCd2024-03-31l0o 894.811 NASp5929r2024-03-31w2024-03-31yL c3946d3946